[Event "Asti op"]
[Site "Asti"]
[Date "1996.??.??"]
[Round "?"]
[White "Arlandi, Ennio"]
[Black "Flear, Glenn C"]
[Result "1/2-1/2"]
[WhiteElo "2445"]
[BlackElo "2435"]

1.d4 d5 2.c4 e6 3.Nc3 c6 4.e3 Nf6 5.Nf3 Nbd7 6.Qc2 Bd6 7.Bd3 O-O 8.O-O dxc4
9.Bxc4 Qe7 10.Bb3 e5 11.h3 Bb8 12.Bd2 a5 13.a3 h6 14.Nh4 Rd8 15.Nf5 Qe8 16.dxe5 Nxe5
17.Rad1 Nd3 18.Nd4 Nc5 19.Ba2 Qe5 20.f4 Qe7 21.Bb1 Ba7 22.Kh1 Be6 23.Nxe6 Qxe6
24.e4 Qb3 25.e5 Qxc2 26.Bxc2 Nfd7 27.Be3 Bb6 28.Bf2 Nf8 29.f5 Rxd1 30.Rxd1 Re8
31.Re1 Nd3 32.Bxd3 Bxf2 33.Re4 Nd7 34.e6 fxe6 35.Bc4 Nf6 36.Bxe6+ Kf8 37.Re2 Bd4
38.g4 Bxc3 39.bxc3 Nd5 40.Rb2 Nf4 41.Rxb7  1/2-1/2

[Event "Asti op"]
[Site "Asti"]
[Date "1996.??.??"]
[Round "?"]
[White "Naumkin, Igor"]
[Black "Pavasovic, Dusko"]
[Result "1-0"]
[WhiteElo "2420"]
[BlackElo "2495"]

1.d4 d5 2.c4 e6 3.Nc3 c6 4.e3 Nf6 5.Nf3 Nbd7 6.Qc2 Bd6 7.Be2 O-O 8.O-O Re8
9.Bd2 Qe7 10.Rad1 h6 11.Rfe1 dxc4 12.Bxc4 e5 13.Nh4 Nb6 14.Ng6 Qc7 15.dxe5 Nxc4
16.exd6 Nxd6 17.Nf4 Bf5 18.Qb3 g5 19.Nfe2 Be6 20.Qa4 b5 21.Qd4 Ng4 22.Ng3 Rad8
23.Nce4 Nxe4 24.Qxe4 c5 25.h3 Nxf2 26.Kxf2 Bb3 27.Qf3 Bxd1 28.Rxd1 Re6 29.Be1 Rxd1
30.Qxd1 Qe5 31.Qe2 b4 32.b3 f5 33.Bd2 Qd5 34.Bc1 f4 35.Nf1 Qe4 36.Kg1 c4
37.bxc4 Rc6 38.Qd2 Rxc4 39.exf4 Rc2 40.Qd8+ Kg7 41.Qd7+ Kg8 42.Bd2 gxf4 43.Qg4+ Kh7
44.Bxb4 Qd4+ 45.Kh2 Qg7 46.Qf5+ Qg6 47.Qd5 Qg8 48.Qb7+ Qg7 49.Qf3 Rxa2 50.Bc3 Qg6
51.Qb7+ Kg8 52.Qc8+ Kf7 53.Qc4+ Qe6 54.Qxf4+ Ke8 55.Nd2 Kd7 56.Ne4 Kc6 57.Qe3 a5
58.Qc5+ Kd7 59.Be5  1-0

[Event "Asti op"]
[Site "Asti"]
[Date "1996.??.??"]
[Round "?"]
[White "Cantore, Alberto"]
[Black "Flear, Glenn C"]
[Result "0-1"]
[WhiteElo "2055"]
[BlackElo "2435"]

1.d4 d5 2.c4 e6 3.Nc3 c6 4.e3 Nf6 5.Nf3 Nbd7 6.cxd5 exd5 7.Bd3 Bd6 8.O-O O-O
9.e4 dxe4 10.Nxe4 Nxe4 11.Bxe4 h6 12.Bd3 Nf6 13.h3 Be6 14.Be3 Re8 15.a3 Nd5
16.Re1 Qf6 17.Ne5 Rad8 18.Qh5 Nf4 19.Bxf4 Qxf4 20.Re4 Qd2 21.Qe2 Qxe2 22.Bxe2 Bd5
23.Re3 c5 24.Nf3 cxd4 25.Nxd4 Bc5 26.Rxe8+ Rxe8 27.Bb5 Rd8 28.Nf5 Be6 29.Ne3 Rd2
30.b4 Bd4 31.Rc1 f5 32.Bc4 Bxc4 33.Rxc4 f4 34.Nf1 Bxf2+ 35.Kh2 Rd1 36.Rxf4 Rxf1
37.g4 Bg1+ 38.Kg3 Bh2+  0-1

[Event "Athens cup qf"]
[Site "Athens"]
[Date "1996.??.??"]
[Round "?"]
[White "Kalesis, Nikolaos"]
[Black "Prentos, Konstantinos"]
[Result "1-0"]
[WhiteElo "2390"]
[BlackElo "2270"]

1.d4 d5 2.c4 e6 3.Nc3 c6 4.e3 Nf6 5.Nf3 Nbd7 6.Bd3 dxc4 7.Bxc4 b5 8.Bd3 a6
9.e4 c5 10.d5 e5 11.b3 Bd6 12.O-O Nb6 13.a4 b4 14.Nb1 O-O 15.Nbd2 a5 16.Bb2 Qe7
17.Re1 Nh5 18.g3 Bg4 19.Nf1 g6 20.Ne3 Bh3 21.Bf1 Bd7 22.Nd2 Nf6 23.Nec4 Nxc4
24.Nxc4 Nh5 25.Rc1 Ng7 26.Qd2 f6 27.Qe3 Rfc8 28.Nb6 Rab8 29.Nxc8 Rxc8 30.Rc2 g5
31.Bd3 Qf7 32.Qe2 Qg6 33.Bb5 Bh3 34.g4 h5 35.Bd7 Bxg4 36.Bxg4 hxg4 37.Qxg4 Rd8
38.Bc1 Nh5 39.Be3 Nf4 40.Bxf4 exf4 41.f3 Kg7 42.h4 Be5 43.Rg2 Bd4+ 44.Kf1 Rf8
45.hxg5 f5 46.exf5 Rxf5 47.Re6 Qf7 48.Rf6 Qxd5 49.Rxf5 Qxb3 50.Rh2 Qd1+ 51.Kg2 Qg1+
52.Kh3 Qf1+ 53.Qg2 Qb1 54.Qc2 Qf1+ 55.Kg4 b3 56.Rf7+ Kxf7 57.Qf5+ Kg8 58.Qc8+ Kf7
59.Qd7+ Kf8 60.Qd8+ Kf7 61.Rh7+ Ke6 62.Qd7+  1-0

[Event "GRE-chT"]
[Site "Athens"]
[Date "1996.??.??"]
[Round "1"]
[White "Karabelas, Vasilios"]
[Black "Darmarakis, Mihail"]
[Result "1-0"]
[WhiteElo "2075"]
[BlackElo "2110"]

1.d4 d5 2.c4 c6 3.Nc3 Nf6 4.Nf3 e6 5.e3 Bd6 6.Qc2 Nbd7 7.Be2 O-O 8.O-O b6
9.e4 dxe4 10.Nxe4 Nxe4 11.Qxe4 Bb7 12.Bd3 Nf6 13.Qh4 Qe7 14.Ne5 c5 15.Bg5 h6
16.Ng4 Bxh2+ 17.Kh1  1-0

[Event "GRE-chT"]
[Site "Athens"]
[Date "1996.??.??"]
[Round "7"]
[White "Papaioannou, Ioannis"]
[Black "Stojanovic, Mihajlo"]
[Result "1/2-1/2"]
[WhiteElo "2495"]
[BlackElo "2465"]

1.d4 d5 2.Nf3 Nf6 3.c4 c6 4.Nc3 e6 5.e3 Nbd7 6.Qc2 Bd6 7.g4 Nxg4 8.Rg1 Nh6
9.e4 dxe4 10.Nxe4 Bb4+ 11.Bd2 Bxd2+ 12.Qxd2 Nf5 13.O-O-O Nf6 14.Nc3 g6 15.Bh3 Bd7
16.Bxf5 exf5 17.Rde1+ Kf8 18.Qh6+ Kg8 19.Ne5 Qf8 20.Qh4 Qg7 21.d5 Be8 22.d6 h6
23.f4 Kh7 24.Ne2 Bd7 25.Nd4 Rhe8 26.Rd1 Be6 27.d7 Bxd7 28.Nxd7 Nxd7 29.Nxf5 Qf6
30.Qxh6+ Kg8 31.Ng3 Rad8 32.Nh5 Qh8 33.Qg5 Kf8 34.Rxd7 Rxd7 35.Nf6 Ree7 36.Nxd7+ Rxd7
37.Qc5+ Kg8 38.Qxa7 Qxh2 39.Qe3 Re7 40.Qd4 Rd7 41.Qe3 Re7 42.Qd4 c5 43.Qd8+ Kg7
44.Rxg6+ Kxg6 45.Qg8+ Kf5 46.Qg5+  1/2-1/2

[Event "GRE-chT"]
[Site "Athens"]
[Date "1996.??.??"]
[Round "9"]
[White "Tsekouras, Theodoros"]
[Black "Stojanovic, Mihajlo"]
[Result "0-1"]
[WhiteElo "2220"]
[BlackElo "2465"]

1.d4 d5 2.c4 c6 3.Nc3 Nf6 4.e3 e6 5.Nf3 Nbd7 6.Qc2 Bd6 7.g4 Nxg4 8.Rg1 Nxh2
9.Nxh2 Bxh2 10.Rxg7 Nf8 11.f4 Qh4+ 12.Qf2 Qxf2+ 13.Kxf2 Ng6 14.Bg2 Kf8 15.Rxg6 hxg6
16.Bd2 Bd7 17.Rh1 Kg7 18.Bf3 Rh6 19.c5 Rah8 20.Rb1 Rh3 21.Ne2 f6 22.b4 g5
23.Bg2 gxf4 24.Bxh3 fxe3+ 25.Kg2 exd2 26.Rd1 Bc7 27.Rxd2 f5 28.Ng1 Kf6 29.Rd3 Be8
30.a4 a6 31.Kf2 e5 32.dxe5+ Bxe5 33.Bg2 Rh4 34.Rb3 Bd4+ 35.Kf1 Bxg1 36.Kxg1 a5
37.bxa5 Rxa4 38.Rxb7 Rxa5 39.Rb8  0-1

[Event "AUT-chT2O 9697"]
[Site "Austria"]
[Date "1996.??.??"]
[Round "?"]
[White "Gutdeutsch, Otto"]
[Black "Pingitzer, Harald"]
[Result "0-1"]
[WhiteElo "2185"]
[BlackElo "2255"]

1.Nf3 Nf6 2.d4 d5 3.e3 c6 4.c4 e6 5.Nc3 Nbd7 6.Bd3 dxc4 7.Bxc4 b5 8.Bd3 Bb7
9.O-O a6 10.e4 c5 11.d5 c4 12.dxe6 fxe6 13.Bc2 Qc7 14.e5 Nxe5 15.Nxe5 Qxe5
16.Re1 Qd6 17.Qxd6 Bxd6 18.Rxe6+ Kd7 19.Bf5 Kc7 20.Bg5 Bc8 21.Rxf6 gxf6 22.Be4 Bb7
23.Bxf6 Rhf8 24.Bxb7 Kxb7 25.Ne4 Rxf6 26.Nxf6 Be5 27.Ne4 Bxb2 28.Rd1 c3 29.Nc5+ Kb6
30.Nb3 a5 31.Rd6+ Kc7 32.Rd5 Kc6 33.Rh5 Rd8 34.g3 a4 35.Rh6+ Kc7 36.Rxh7+ Kc8
37.Rh5 axb3 38.axb3 Rd2 39.Rxb5 c2 40.Rc5+ Kd7 41.Rxc2 Rxc2 42.h4 Ke6 43.g4 Bd4  0-1

[Event "AUT-chT2W 9697"]
[Site "Austria"]
[Date "1996.??.??"]
[Round "1"]
[White "Duer, Werner"]
[Black "Schmidlechner, Alexander"]
[Result "1-0"]
[WhiteElo "2280"]
[BlackElo "2255"]

1.d4 d5 2.Nf3 Nf6 3.c4 c6 4.Nc3 e6 5.e3 Nbd7 6.Qc2 Bd6 7.Bd3 dxc4 8.Bxc4 e5
9.O-O O-O 10.Rd1 Qe7 11.e4 h6 12.Nh4 Nb6 13.Ng6 Qc7 14.dxe5 Bxe5 15.Nxe5 Qxe5
16.Be2 Ng4 17.Bxg4 Bxg4 18.f3 Qc5+ 19.Qf2 Qxf2+ 20.Kxf2 Be6 21.b3 Rfd8 22.Be3 Kf8
23.h3 Ke8 24.f4 Rxd1 25.Rxd1 f6 26.f5 Bf7 27.b4 Rd8 28.Rxd8+ Kxd8 29.h4 Nd7
30.Bf4 Ke7 31.Ke3 Bg8 32.g4 Bc4 33.Kd4 Bf1 34.g5 hxg5 35.hxg5 b6 36.g6 Ba6
37.a4 Bb7 38.b5 a6 39.bxc6 Bxc6 40.Nd5+ Bxd5 41.Kxd5 Nc5 42.Bd6+ Kd7 43.Bxc5 bxc5
44.Kxc5 Kc7 45.a5  1-0

[Event "AUT-chT9697"]
[Site "Austria"]
[Date "1996.??.??"]
[Round "2"]
[White "Loebler, Heimo"]
[Black "Herndl, Harald"]
[Result "0-1"]
[WhiteElo "2275"]
[BlackElo "2365"]

1.d4 d5 2.c4 c6 3.Nc3 Nf6 4.e3 e6 5.Nf3 Nbd7 6.Bd3 dxc4 7.Bxc4 b5 8.Be2 Bb7
9.e4 b4 10.e5 bxc3 11.exf6 cxb2 12.fxg7 Bxg7 13.Bxb2 O-O 14.O-O c5 15.dxc5 Bxb2
16.Rb1 Nxc5 17.Rxb2 Qxd1 18.Rxd1 Bd5 19.Rc2 Na4 20.Ne5 Rfc8 21.Rdc1 Rxc2
22.Rxc2 Rb8 23.f4 Rb4 24.g3 Rb7 25.Bf3 f6 26.Bxd5 exd5 27.Nf3 Nb6 28.Kf2 Nc4
29.Nd4 Kf7 30.Re2 Nd6 31.Kf3 Rc7 32.Kg4 Rc4 33.Nb3 Ne4 34.Kf3 f5 35.Ke3 Kf6
36.Nd2 Ra4 37.Nxe4+ Rxe4+ 38.Kd3 Rxe2 39.Kxe2 Ke6 40.Kd3 Kd7 41.Kc3 Kc6 42.h3 h5
43.Kb4 a6 44.a4 Kd6 45.a5 Kc6 46.Kc3 Kc5 47.Kd3 d4  0-1

[Event "AUT-chT9697"]
[Site "Austria"]
[Date "1996.??.??"]
[Round "5"]
[White "Miniboeck, Guenter"]
[Black "Herndl, Harald"]
[Result "1/2-1/2"]
[WhiteElo "2355"]
[BlackElo "2365"]

1.d4 d5 2.c4 c6 3.Nf3 Nf6 4.Nc3 e6 5.e3 Nbd7 6.Bd3 dxc4 7.Bxc4 b5 8.Be2 b4
9.Na4 Bb7 10.O-O Be7 11.a3 O-O 12.axb4 Bxb4 13.Bd2 Bd6 14.Qc2 Qe7 15.Rfc1 e5
16.dxe5 Nxe5 17.Nc5 Bc8 18.Ra4 Rb8 19.b4 Rb6 20.Nd4 Rd8 21.h3 Bb8 22.Bf1 h5
23.g3 h4 24.g4 Nfxg4 25.hxg4 Qg5 26.f4 Qxg4+ 27.Kh1 Qg3 28.Ne4 Qg4 29.Nf2 Qg3
30.Ne4 Qg4 31.Nf2 Qg3 32.Ne4  1/2-1/2

[Event "AUT-chT9697"]
[Site "Austria"]
[Date "1996.??.??"]
[Round "5"]
[White "Stanec, Nikolaus"]
[Black "Wach, Markus"]
[Result "1/2-1/2"]
[WhiteElo "2505"]
[BlackElo "2390"]

1.d4 d5 2.c4 c6 3.Nc3 Nf6 4.e3 e6 5.Nf3 Nbd7 6.Bd3 dxc4 7.Bxc4 b5 8.Be2 Bb7
9.O-O a6 10.b3 c5 11.Bb2 Bd6 12.dxc5 Bxc5 13.Nd4 O-O 14.Bf3 Bxf3 15.Nxf3 Qe7
16.Qe2 Ba3 17.Rad1  1/2-1/2

[Event "AUT-chT2S 9697"]
[Site "Austria"]
[Date "1996.??.??"]
[Round "11"]
[White "Kratschmer, Heinz"]
[Black "Emberger, Juergen"]
[Result "1-0"]
[WhiteElo "2040"]
[BlackElo "2105"]

1.Nf3 Nf6 2.d4 d5 3.e3 c6 4.c4 e6 5.Nc3 Bd6 6.b3 O-O 7.Bd3 Nbd7 8.Bb2 Re8
9.O-O dxc4 10.bxc4 e5 11.Qc2 Qe7 12.Ng5 g6 13.Nge4 Bc7 14.d5 Nxe4 15.Bxe4 Nf6
16.dxc6 Nxe4 17.Qxe4 Bf5 18.Qd5 Rad8 19.Qb5 bxc6 20.Qxc6 Rd6 21.Qa4 Bd7 22.Qxa7 Bb8
23.Qa5 Rd3 24.Nd5 Qg5 25.f4 Qh4 26.g3 Qh3 27.Nf6+ Kf8 28.Qb4+ Bd6 29.c5 Rxe3
30.Nxd7+ Kg7 31.Qd2 Bxc5 32.Nxc5 Rd8 33.Qxe3  1-0

[Event "AUT-ch (Women)"]
[Site "?"]
[Date "1996.??.??"]
[Round "5"]
[White "Lukan, Dunja"]
[Black "Hackbarth, Christa"]
[Result "0-1"]
[WhiteElo "1770"]
[BlackElo "1840"]

1.d4 d5 2.c4 c6 3.e3 Nf6 4.Nc3 e6 5.Nf3 Be7 6.Bd3 O-O 7.O-O Re8 8.Qc2 Nbd7
9.Ne5 dxc4 10.Nxc4 c5 11.dxc5 Nxc5 12.Be2 Qc7 13.Nb5 Qb8 14.Rd1 Bd7 15.Nbd6 Rd8
16.b4 Ba4 17.Qd2 Bxd1 18.bxc5 Bxe2 19.Qxe2 Qc7 20.Rb1 b6 21.cxb6 axb6 22.Nb5 Rxa2
23.Nxc7 Rxe2 24.Ba3 Bxa3 25.Nxa3 Ne4 26.f3 Nd2 27.Rxb6 Rxe3 28.Nab5 h5 29.Nd6 Rb3
30.Ra6 Rc3 31.Ncb5 Rc2 32.Ra7 Nc4 33.Ra6 Nxd6 34.Nxd6 Rb8 35.h3 Rbb2 36.Ra8+ Kh7
37.Nxf7 Rxg2+ 38.Kh1 Rgc2 39.Ra1 Rc5 40.h4 Kg6 41.Ng5 Rxg5 42.hxg5 Kxg5 43.Ra5+ Kg6
44.Re5 Rb6 45.Kg2 Kh6 46.Kg3 g6 47.f4 Kg7 48.Kh4 Kf6 49.Kg3 Rb4 50.Rc5 Rd4
51.Rc8 Rd7 52.Rc5 Rd3+ 53.Kg2 Rd5 54.Rc8 e5 55.fxe5+ Rxe5 56.Kg3 Kg5 57.Rc4 Re3+
58.Kf2 Ra3 59.Kg2 Ra5 60.Kg3 Rf5 61.Ra4 Kh6 62.Ra6 Rg5+ 63.Kh3 Rg4 64.Rb6 Rc4
65.Ra6 h4 66.Ra8 Kh5 67.Rh8+ Kg5 68.Rf8 Rc3+ 69.Kh2 Kg4 70.Ra8 Rc2+ 71.Kg1 Rc3
72.Kh2 g5 73.Ra4+ Kf3 74.Kh3 Kf2+ 75.Kh2 Rc5 76.Ra2+ Kf3 77.Ra3+ Kg4 78.Ra4+ Kh5
79.Kh3 Rf5 80.Rb4 Rf4 81.Rb5 Rf3+ 82.Kg2 Rc3 83.Rb4 h3+ 84.Kh2 g4 85.Ra4 Kh4
86.Rb4 Rc2+ 87.Kh1 Rf2 88.Rb3 Rf3 89.Rb1 Kg3 90.Rg1+ Kf4 91.Kh2 Rf2+ 92.Kh1 Kf3
93.Ra1 g3 94.Ra3+ Kg4 95.Ra4+ Rf4 96.Ra1 h2 97.Kg2 Rf2+ 98.Kh1 Kh3  0-1

[Event "AUT-ch (Women)"]
[Site "?"]
[Date "1996.??.??"]
[Round "7"]
[White "Hohendanner, Sonja"]
[Black "Hackbarth, Christa"]
[Result "1/2-1/2"]
[WhiteElo "1620"]
[BlackElo "1840"]

1.d4 d5 2.Nf3 Nf6 3.c4 c6 4.Nc3 e6 5.e3 Nbd7 6.Bd3 Bd6 7.O-O dxc4 8.Bxc4 Nb6
9.Bb3 Qc7 10.h3 Nbd5 11.a3 O-O 12.Qc2 e5 13.dxe5 Bxe5 14.Bd2 Be6 15.Nxd5 Bxd5
16.Bxd5 Nxd5 17.Rac1 Bf6 18.b4 Be7 19.Qb3 Rad8 20.Bc3 Nxc3 21.Qxc3 Bf6 22.Qc2 Rd6
23.b5 Rfd8 24.bxc6 Rxc6 25.Qb1 Rc8 26.Rxc6 Qxc6 27.Qb3 b6 28.a4 Qc4 29.Rb1 Qxb3
30.Rxb3 Rc1+ 31.Kh2 Rc4 32.a5 Bd8 33.axb6 Bxb6 34.Rb2 f6 35.Nd4 Kf7 36.Nb5 Kg6
37.Ra2 Rc8 38.Kg3 Rb8 39.Nd4 a5 40.Kf3 Ra8 41.Ra4 Ra6 42.Nb3 Bc7 43.h4 h5
44.e4 Rb6 45.Nc5 Rb2 46.Ne6 Bb6 47.Nf4+ Kf7 48.Nh3 Rb4 49.Ra2 Rb3+ 50.Ke2 Rb4
51.Kf3 Bc7 52.g3 a4 53.Nf4 Rb3+ 54.Ke2 a3 55.Nd3 Bb6 56.Kd2 Bd4 57.f3 g6
58.g4 Be5 59.gxh5 gxh5 60.f4 Bd6 61.e5 fxe5 62.fxe5 Be7 63.Kc2 Rb5 64.Kc3 Ra5
65.Kd4 Ra4+ 66.Kc3 Rxh4 67.Rf2+ Ke8 68.Nf4 Rh1 69.e6 Rc1+ 70.Kb3 Rb1+ 71.Ka2 Rb5
72.Ng6 Bd6 73.e7 Bxe7 74.Nxe7 Rb2+ 75.Rxb2 axb2 76.Nf5 Kf7 77.Kxb2 Kf6 78.Nh4 Kg5
79.Ng2 Kg4 80.Kc2 Kg3 81.Ne3 Kf3 82.Kd2 h4 83.Ke1 Kxe3 84.Kf1 Kf3 85.Kg1 Kg3
86.Kh1 h3 87.Kg1  1/2-1/2

[Event "AUT-chT9596"]
[Site "?"]
[Date "1996.??.??"]
[Round "?"]
[White "Farago, Ivan"]
[Black "Rabiega, Robert"]
[Result "1/2-1/2"]
[WhiteElo "2525"]
[BlackElo "2490"]

1.d4 d5 2.c4 c6 3.Nc3 Nf6 4.Nf3 e6 5.e3 Nbd7 6.Qc2 Bd6 7.Be2 O-O 8.O-O Re8
9.Rd1 Qe7 10.h3 h6 11.a3 dxc4 12.Bxc4 e5 13.Nh4 Nf8 14.Nf5 Bxf5 15.Qxf5 e4
16.Qa5 b6 17.Qa6 Bc7 18.Ne2 Qd6 19.Ng3 b5 20.Bb3 Nh5 21.Nf1 Ng6 22.g3 Qd7
23.Kg2 Qf5 24.Qxc6 Bxg3 25.fxg3 Qf3+ 26.Kg1 Nxg3 27.Qxg6 Qh1+ 28.Kf2 Qf3+  1/2-1/2

[Event "AUT-ch"]
[Site "AUT"]
[Date "1996.??.??"]
[Round "1"]
[White "Humer, Wolfgang"]
[Black "Knoflicek, Ctibor"]
[Result "1-0"]
[WhiteElo "2280"]
[BlackElo "2150"]

1.Nf3 d5 2.c4 c6 3.d4 Nf6 4.Nc3 e6 5.e3 Nbd7 6.Qc2 Bd6 7.Be2 O-O 8.O-O dxc4
9.Bxc4 b5 10.Be2 Bb7 11.Rd1 Qc7 12.h3 Rac8 13.a3 a5 14.Bd2 b4 15.axb4 Bxb4
16.Rdc1 Qb8 17.Na4 c5 18.dxc5 Nxc5 19.Bxb4 Nxa4 20.Qxa4 Bxf3 21.Bxf8 Rxc1+
22.Rxc1  1-0

[Event "AUT-ch"]
[Site "AUT"]
[Date "1996.??.??"]
[Round "2"]
[White "Schroll, Gerhard"]
[Black "Bawart, Markus"]
[Result "1/2-1/2"]
[WhiteElo "2380"]
[BlackElo "2255"]

1.d4 Nf6 2.Nf3 d5 3.c4 c6 4.Nc3 e6 5.e3 Nbd7 6.Bd3 dxc4 7.Bxc4 b5 8.Bd3 Bb7
9.a3 a6 10.b4 a5 11.Rb1 axb4 12.axb4 Bd6 13.O-O Qe7 14.Qb3 O-O 15.h3 Nd5
16.e4 Nxb4 17.e5 Nxd3 18.Bg5 Ra3 19.Qc2 f6 20.exd6 Qxd6 21.Qxd3 b4 22.Ne4 Qd5
23.Qc2 Ba6 24.Rfd1 Ra2 25.Rb2 Rxb2 26.Qxb2 Qxe4 27.Bd2 Rb8 28.Bxb4 Qe2 29.Rb1 c5
30.dxc5 Nxc5 31.Qxe2 Bxe2 32.Nd4 Bd3 33.Nc6 Bxb1 34.Nxb8 Nd3 35.Bd6 Ba2 36.Na6 Bc4
37.Nc5 Nb2 38.f3 Nd1 39.Ne4 Bd5 40.Nf2 Ne3 41.Bc5 Nc4 42.Nd1 h5 43.Ne3 Ne5
44.Ba3 Nd3 45.Nc2 h4 46.Nb4 Nf4 47.Kf2 Nh5 48.Nd3 Bc4 49.Nc5 g5 50.Ne4 Bd5
51.Nd6 Kf8 52.Bb4 Ke7 53.Bc5 Kd7 54.Bb4 Bc6 55.Bc5 Ba4 56.Bb4 Kc6 57.Ba3 Kd5
58.Nc8 Bb3 59.Ne7+ Kd4 60.Bb2+ Kd3 61.Ng8 e5 62.Nxf6 Nxf6 63.Bxe5 Nd5 64.Bg7 Nf4  1/2-1/2

[Event "Bad Homburg"]
[Site "Bad Homburg"]
[Date "1996.??.??"]
[Round "1"]
[White "Gabriel, Christian"]
[Black "Slobodjan, Roman"]
[Result "1/2-1/2"]
[WhiteElo "2565"]
[BlackElo "2520"]

1.Nf3 d5 2.c4 c6 3.d4 Nf6 4.Nc3 e6 5.e3 Nbd7 6.Bd3 dxc4 7.Bxc4 b5 8.Be2 a6
9.e4 b4 10.e5 bxc3 11.exf6 Nxf6 12.bxc3 Bd6 13.O-O Qc7 14.Bd3 c5 15.Bg5 Bb7
16.Re1 Nd7 17.Be4 O-O 18.Bxb7 Qxb7 19.Rb1 Qc6 20.Ne5 Bxe5 21.dxe5 Rfb8 22.Be7 Rxb1
23.Qxb1 Rb8 24.Qc1 Nxe5 25.Rxe5 Qc7 26.Rxc5 Qxe7 27.Rc4 g6 28.h3 Qd6 29.Rb4 Rc8
30.Qe3 Qd1+ 31.Kh2 Qc2 32.a4 a5 33.Rd4 h5 34.Rd6 Qxc3 35.Rd8+ Kh7 36.Rxc8 Qxc8
37.Qa7 Qf8 38.Qxa5 Qd6+ 39.Kg1 Qd1+ 40.Kh2 Qd6+ 41.Kg1  1/2-1/2

[Event "Bad Homburg"]
[Site "Bad Homburg"]
[Date "1996.??.??"]
[Round "8"]
[White "Boensch, Uwe"]
[Black "Slobodjan, Roman"]
[Result "1/2-1/2"]
[WhiteElo "2525"]
[BlackElo "2520"]

1.d4 d5 2.c4 c6 3.e3 Nf6 4.Nc3 e6 5.Nf3 Nbd7 6.Qc2 Bd6 7.Be2 O-O 8.O-O Qe7
9.Rd1 dxc4 10.Bxc4 e5 11.h3 e4 12.Ng5 Nb6 13.Bb3 Bf5 14.f3 Rae8 15.Ngxe4 Nxe4
16.fxe4 Bg6 17.Qf2 Bxe4 18.Nxe4 Qxe4 19.Bc2 Qe7 20.e4 c5 21.e5 Bc7 22.Qf5 g6
23.Qf6 cxd4 24.Bh6 Bxe5 25.Qxe7 Rxe7 26.Bxf8 Kxf8 27.Kh1 Nc4 28.Bb3 Ne3 29.Rd3 Rc7
30.g4 Kg7 31.Kg1 Kf6 32.Kf2 Kg5 33.Kf3 Kh4 34.Rd2 f6 35.Rg1 Re7 36.Rc1 g5
37.Rg1 h5 38.Rh1 f5 39.Rd3 Bf6 40.gxf5 Nxf5 41.Bd1 Be5 42.Re1 Ne3 43.Rh1 Rf7+
44.Ke4 Bg7 45.Rb3 b6 46.Rb5 Rf2 47.Kd3 Bf6 48.Be2 Ng2 49.Bf1 Ne1+ 50.Ke4 Rf4+
51.Kd5 d3 52.Kc6 d2 53.Rd5 Nf3 54.Kb7 Bxb2 55.Be2 Nd4 56.Bd1 Rf7+ 57.Ka6 Re7
58.Rh2 Bc3 59.Rg2 Re1 60.Rxd2 Ne6 61.Kxa7 Bxd2 62.Rxd2 b5 63.Kb6 b4 64.Ka5 Re4
65.Rb2 Nf4 66.Rxb4 Rxb4 67.Kxb4 Kxh3 68.a4 g4 69.a5 g3 70.Bf3 g2 71.Bxg2+ Kxg2
72.a6 Ne6 73.a7 Nc7 74.Kc5 h4 75.Kc6 Na8 76.Kb7  1/2-1/2

[Event "Wch Seniors"]
[Site "Bad Liebenzell"]
[Date "1996.??.??"]
[Round "4"]
[White "Uhlmann, Wolfgang"]
[Black "Lieb, Harald"]
[Result "1-0"]
[WhiteElo "2460"]
[BlackElo "2235"]

1.c4 c6 2.Nc3 d5 3.d4 Nf6 4.e3 e6 5.Nf3 Nbd7 6.Qc2 Bd6 7.Bd3 O-O 8.O-O dxc4
9.Bxc4 e5 10.Rd1 Qe7 11.h3 h6 12.Nh4 Nb6 13.Bb3 Nfd5 14.Nf5 Bxf5 15.Qxf5 exd4
16.exd4 Qf6 17.Qg4 Nxc3 18.bxc3 Nd5 19.Bd2 Rfe8 20.g3 a5 21.Re1 Nc7 22.Bc2 c5
23.Re4 b5 24.Rae1 b4 25.R1e3 Rxe4 26.Qxe4 g6 27.dxc5 Bxc5 28.Rf3 Qe6 29.Bxh6 Qxe4
30.Bxe4 Re8 31.Bc2 Nb5 32.Bb3 Re7 33.Bg5 Rc7 34.cxb4 axb4 35.Bf6 Bd4 36.Ba4 Bxf6
37.Rxf6 Nc3 38.Bb3 Kg7 39.Rd6 Ra7 40.Rd2 Kf6 41.f3 Ke5 42.Kf2 Ra3 43.Bxf7 g5
44.Bb3 Kf6 45.g4 Ke5 46.Kg3 Ra7 47.Rd8 Ne2+ 48.Kf2 Nf4 49.Re8+ Kd4 50.Kg3 Kd3
51.h4 Ne2+ 52.Kf2 Nf4 53.hxg5 Nh3+ 54.Kg3 Nxg5 55.Rg8 Ra5 56.Rd8+ Ke3 57.Re8+ Kd3
58.f4 Ne4+ 59.Kh4 Rc5 60.g5 Rc1 61.Kh5 Ng3+ 62.Kg6 Rc6+ 63.Re6 Rxe6+ 64.Bxe6 Ke4
65.f5 Ke5 66.Bc8  1-0

[Event "Wch Seniors"]
[Site "Bad Liebenzell"]
[Date "1996.??.??"]
[Round "9"]
[White "Fronczek, Heinrich"]
[Black "Asmundsson, Ingvar"]
[Result "1/2-1/2"]
[WhiteElo "2275"]
[BlackElo "2365"]

1.d4 d5 2.c4 c6 3.Nc3 Nf6 4.Nf3 e6 5.e3 Nbd7 6.Qc2 Bd6 7.Be2 Qe7 8.O-O dxc4
9.Bxc4 e5 10.h3 O-O 11.a3 h6 12.Nh4 Nb6 13.Ng6 Qc7 14.Ba2 Re8 15.dxe5 Bxe5
16.Nxe5 Qxe5 17.f4 Qf5 18.Bb1 Qxc2 19.Bxc2 Nbd5 20.Nxd5 cxd5 21.Rd1 b6 22.Bd2 Bb7
23.Rac1 d4 24.Re1 dxe3 25.Rxe3 Rxe3 26.Bxe3 Rc8 27.Bf5 Rxc1+ 28.Bxc1 h5 29.Bd2 Kf8
30.Bb4+ Ke8 31.Bd3 Kd7 32.Kf2 Ke6 33.Bc4+ Bd5 34.Bd3 g6 35.Be1 Ne4+ 36.Ke3 Nd6
37.g4 hxg4 38.hxg4 f5 39.gxf5+ gxf5 40.Kd4 Ne4 41.b4 Kd6 42.b5 Ke6 43.Bb4 Bb3
44.Bf8 Nf2 45.Be2 Ne4 46.Bg7 Nd6 47.Kc3 Ba4 48.Kb4 Bc2 49.Be5 Be4 50.Bd1 Kd7
51.Bb3 Nb7 52.Bd4 Na5 53.Ba2 Nb7  1/2-1/2

[Event "Bad Woerishofen op"]
[Site "Bad Woerishofen"]
[Date "1996.??.??"]
[Round "2"]
[White "Gabriel, Christian"]
[Black "Schiff, Armin"]
[Result "1-0"]
[WhiteElo "2510"]
[BlackElo "2215"]

1.d4 d5 2.c4 e6 3.Nf3 Nf6 4.Nc3 c6 5.e3 Bd6 6.Bd3 Nbd7 7.O-O dxc4 8.Bxc4 e5
9.dxe5 Bxe5 10.Nxe5 Nxe5 11.Qxd8+ Kxd8 12.Be2 Bf5 13.f3 h6 14.e4 Bh7 15.Rd1+ Ke7
16.b3 Rhd8 17.Ba3+ Ke8 18.Bd6 Ned7 19.b4 Nb6 20.b5 Rd7 21.bxc6 bxc6 22.Rac1 Nc8
23.Be5 Rxd1+ 24.Rxd1 Ne7 25.Ba6 Rd8 26.Rxd8+ Kxd8 27.Bd4 Nc8 28.Bxc8 Kxc8
29.Bxf6 gxf6 30.g4 Kd7 31.Kf2 Kd6 32.Ke3 Kc5 33.Kd3 h5 34.h3 hxg4 35.hxg4 Kb4
36.f4 Kc5 37.f5 Kb4 38.Ne2 Kc5 39.Nd4 Kd6 40.Nb3 Bg8 41.Kd4 Bh7 42.Na5 c5+
43.Kd3 Bg8 44.Nc4+ Kc6 45.Kc3 Bh7 46.Kb3  1-0

[Event "GER-ARM"]
[Site "Baden-Baden"]
[Date "1996.??.??"]
[Round "1"]
[White "Akopian, Vladimir"]
[Black "Gabriel, Christian"]
[Result "1-0"]
[WhiteElo "2630"]
[BlackElo "2565"]

1.d4 d5 2.Nf3 c6 3.c4 Nf6 4.Nc3 e6 5.e3 Nbd7 6.Qc2 Bd6 7.g4 h6 8.Rg1 Qe7
9.h4 dxc4 10.Bxc4 b5 11.Be2 b4 12.Na4 Bb7 13.e4 e5 14.g5 hxg5 15.hxg5 Nh5
16.dxe5 Nxe5 17.Nd4 g6 18.Be3 c5 19.Nb5 c4 20.O-O-O Nd3+ 21.Bxd3 cxd3 22.Nxd6+ Qxd6
23.Rxd3 Qh2 24.f3 Rc8 25.Nc5 Qxc2+ 26.Kxc2 Nf4 27.Bxf4 Rxc5+ 28.Kd2 Rh3 29.Bd6 Rc8
30.Bxb4 Ba6 31.Ra3 Bb5 32.Ke3 a6 33.Rc3 Rd8 34.Ba5 Rb8 35.Bc7 Rc8 36.Rd1 Bd7
37.Kf4 Rh2 38.Be5 Rxc3 39.Bxc3 Kd8 40.Ke5 Ke8 41.Rd6 Rf2 42.f4 Bb5 43.Rf6 Re2
44.Kd4  1-0

[Event "Balatonalm di op"]
[Site "Balaton"]
[Date "1996.??.??"]
[Round "6"]
[White "Hocevar, Nikola"]
[Black "Jamrich, Gyorgy"]
[Result "1/2-1/2"]
[WhiteElo "2185"]
[BlackElo "2230"]

1.c4 e6 2.Nc3 d5 3.d4 c6 4.e3 Nf6 5.Nf3 Bd6 6.Bd3 Nbd7 7.e4 dxc4 8.Bxc4 Bb4
9.Qc2 Qc7 10.O-O O-O 11.a3 Bxc3 12.bxc3 c5 13.Re1 cxd4 14.cxd4 b5 15.Bd3 Qxc2
16.Bxc2 Nb6 17.Ne5 Bb7 18.f3 Nfd7 19.Nxd7 Nxd7 20.Rb1 a6 21.a4 Bc6 22.d5 exd5
23.exd5 Bxd5 24.axb5 axb5  1/2-1/2

[Event "Balatonbereny op"]
[Site "Balatonbereny"]
[Date "1996.??.??"]
[Round "2"]
[White "Sipka, Zoltan"]
[Black "Pal, Peter"]
[Result "0-1"]
[WhiteElo "2085"]
[BlackElo "2285"]

1.d4 d5 2.Nf3 Nf6 3.e3 e6 4.c4 c6 5.Nc3 Bd6 6.cxd5 exd5 7.Be2 O-O 8.Qc2 Re8
9.h3 Nbd7 10.Bd3 Nf8 11.b3 Ng6 12.Bb2 Qe7 13.O-O-O b5 14.g4 a5 15.a4 Ne4
16.axb5 Nxc3 17.Bxc3 cxb5 18.Bxb5 Bd7 19.Bxd7 Qxd7 20.Kd2 Rec8 21.Qd3 Qe7
22.Ra1 Ra7 23.Rhc1 h6 24.Ra4 Rac7 25.Bb2 Bb4+ 26.Kd1 Rxc1+ 27.Bxc1 Rc3 28.Qf5 Qb7
29.Bd2 Rxb3 30.Bxb4 Rxb4 31.Rxa5 Rb1+ 32.Ke2 Qb3 33.Qd3 Rb2+ 34.Nd2 Qb7 35.Rc5 Qe7
36.Rc8+ Kh7 37.f4 Qh4 38.f5 Qxh3 39.fxg6+ fxg6 40.Rf8 Qxg4+ 41.Ke1 Qg3+ 42.Kd1 Ra2
43.Qb3 Qg1+ 44.Ke2 Qg2+ 45.Kd1 Qxd2+  0-1

[Event "Balatonbereny op"]
[Site "Balatonbereny"]
[Date "1996.??.??"]
[Round "4"]
[White "Sinkovics, Peter"]
[Black "Arnold, Johannes"]
[Result "1-0"]
[WhiteElo "2405"]
[BlackElo "2190"]

1.d4 d5 2.c4 c6 3.Nf3 Nf6 4.Nc3 e6 5.e3 Nbd7 6.Bd3 dxc4 7.Bxc4 b5 8.Bd3 a6
9.e4 c5 10.e5 cxd4 11.Nxb5 axb5 12.exf6 gxf6 13.O-O Qb6 14.Be4 Bb7 15.Bxb7 Qxb7
16.Nxd4 Rg8 17.f3 Bc5 18.Kh1 Ra4 19.Nb3 Ba7 20.Qe1 Qb6 21.Bd2 Rg6 22.Rc1 Ne5
23.Ba5 Qb7 24.Qd2 Kf8 25.Qd8+ Kg7 26.Rc7 Qa6 27.Rc8 Kh6 28.Bd2+ Kh5 29.Nc5 Bxc5
30.Rxc5 b4 31.Rxe5+ Kh4 32.Qd4+  1-0

[Event "Balatonbereny"]
[Site "Balatonbereny"]
[Date "1996.??.??"]
[Round "7"]
[White "Horvath, Csaba"]
[Black "Bacrot, Etienne"]
[Result "0-1"]
[WhiteElo "2540"]
[BlackElo "2425"]

1.d4 d5 2.c4 c6 3.Nc3 Nf6 4.Nf3 e6 5.e3 Nbd7 6.Bd3 dxc4 7.Bxc4 b5 8.Bd3 Bb7
9.O-O b4 10.Ne4 Be7 11.Nxf6+ Nxf6 12.e4 c5 13.Bb5+ Kf8 14.e5 Nd5 15.dxc5 Bxc5
16.Ng5 h6 17.Qh5 Qc7 18.Bd3 Kg8 19.Ne4 Be7 20.f4 Qb6+ 21.Kh1 Ba6 22.Bxa6 Qxa6
23.Bd2 g6 24.Qf3 Rc8 25.a3 bxa3 26.bxa3 Kg7 27.Bb4 Nxb4 28.axb4 Qb6 29.b5 Rc7
30.g4 h5 31.f5 hxg4 32.f6+ Kg8 33.fxe7 gxf3 34.e8=Q+ Kg7 35.Nd6 Qd4 36.Ra2 Qxe5
37.Rd2 Qf4 38.b6 Qxd2 39.Nf5+ gxf5 40.Rg1+ Qg2+  0-1